Statistics for Punk subgenres

Click here to take the quiz!

General Stats

  • This quiz has been taken 12 times
  • The average score is 9 of 29

Answer Stats

HintAnswer% Correct
Black Flag/Bad BrainsHardcore Punk
75%
Fall Out Boy/My Chemical RomanceEmo
67%
The Misfits/BlitzkidHorror Punk
58%
Sleater-Kinney/Bikini KillRiot Grrrl
58%
His Hero is Gone/DischargeCrust Punk
50%
Violent Femmes/The PoguesFolk Punk
50%
Napalm Death/AssückGrindcore
50%
Joy Divison/The FallPost-Punk
50%
Green Day/Sex PistolsPunk Rock
50%
Sublime/FishboneSka Punk
50%
The Stooges/The KinksProto-Punk
42%
Gospel/AlesanaScreamo
42%
Cock Sparrer/The 4-SkinsOi!
33%
Televison/Talking HeadsArt Punk
25%
The Beat Farmers/Rank and FileCowpunk
25%
Bad Religion/Being as an OceanMelodic Hardcore
25%
Brave Little Abacus/American FootballMidwest Emo
25%
DNA/Lydia LunchNo Wave
25%
Man is the Bastard/Crossed OutPowerviolence
25%
Orchid/Reversal of ManEmoviolence
17%
Pharmacist/Last Days of HumanityGoregrind
17%
As I Lay Dying/ArchitectsMetalcore
17%
The Unseen/RancidStreet Punk
17%
Choking Victim/No Cops for MilesCrack Rock Steady
8%
The Gun Club/The White StripesPunk Blues
8%
Yeah Yeah Yeahs/ESGDance-Punk
0%
Four Year Strong/The Wonder YearsEasycore
0%
Horse the Band/Sky Eats AirplaneNintendocore
0%
From the Future/Cat CompanySwancore
0%

Score Distribution

Percentile by Number Answered

Percent of People with Each Score

Your Score History

You have not taken this quiz